Swami Sivananda and Sivananda literature (Record no. 916261)

MARC details
000 -LEADER
fixed length control field 00811nam a2200253Ia 4500
003 - CONTROL NUMBER IDENTIFIER
control field OSt
005 - DATE AND TIME OF LATEST TRANSACTION
control field 20221002051226.0
008 - FIXED-LENGTH DATA ELEMENTS--GENERAL INFORMATION
fixed length control field 220930b |||||||| |||| 00| 0 eng d
037 ## - SOURCE OF ACQUISITION
Terms of availability Reference Collections
040 ## - CATALOGING SOURCE
Original cataloging agency CRL
Transcribing agency CRL
Language of cataloging eng
041 ## - LANGUAGE CODE
Source of code eng
Language code of text/sound track or separate title eng
100 ## - MAIN ENTRY--PERSONAL NAME
Personal name Saraswati Chidananda
9 (RLIN) 572240
245 #0 - TITLE STATEMENT
Title Swami Sivananda and Sivananda literature
Remainder of title God's unique gift to modern mankind
260 ## - PUBLICATION, DISTRIBUTION, ETC.
Place of publication, distribution, etc. Bolangir
Name of publisher, distributor, etc. Mohan Lal Agrawal India
Date of publication, distribution, etc. 2015
300 ## - PHYSICAL DESCRIPTION
Extent 219p.
Dimensions cm.
490 ## - SERIES STATEMENT
Volume/sequential designation Vol. 1
650 ## - SUBJECT ADDED ENTRY--TOPICAL TERM
Topical term or geographic name entry element SPIRITUALISM
942 ## - ADDED ENTRY ELEMENTS (KOHA)
Classification part Delta2y7M87, Q5.1(RR)
Koha item type
Source of classification or shelving scheme Colon Classification (CC)
Holdings
Withdrawn status Lost status Damaged status Not for loan Home library Current library Date acquired Source of acquisition Serial Enumeration / chronology Total Checkouts Full call number Barcode Date last seen Price effective from Koha item type
        Central Library Central Library 2022-10-02 Gift, 04/11/2015, Vol. 1   Delta2y7M87 Q5.1(RR) CL1170580 2022-10-02 2022-10-02  
Copyright @ Delhi University Library System